| 000 | 00374nam a2200109Ia 4500 | ||
|---|---|---|---|
| 008 | 160909s9999 xx 000 0 und d | ||
| 100 | _aHenn, Erica D. | ||
| 245 | 2 | _aA study of injury and its prevention in first-year university dance students | |
| 260 |
_bTemple University _c2016 |
||
| 650 | _aPSYCHOLOGY | ||
| 856 | _uhttp://pqdtopen.proquest.com/doc/1794166991.html?FMT=ABS | ||
| 999 |
_c304103 _d304103 |
||